000 00302nam a22001217a 4500
040 _cHS
082 _a664
100 _aឯក សុភាព
245 _aFood engineering I វិស្វកម្មអាហារ១
260 _aRUA
_bឯក សុភាព
_c2008
300 _aNA
942 _cKB
999 _c10123
_d10123